Chemical and biological weapons proliferation : hearing before the Subcommittee on International Finance and Monetary Policy of the Committee on Banking, Housing, and Urban Affairs, United States Senate, One Hundred First Congress, first session ... June 22, 1989.

Bibliographic Details
Corporate Authors: United States. Congress. Senate. Committee on Banking, Housing, and Urban Affairs. Subcommittee on International Finance and Monetary Policy, ProQuest (Firm)
Format: Government Document eBook
Language:English
Published: Washington : U.S. G.P.O., 1990.
Series:U.S. Congressional Hearings.
Subjects:
Online Access:Connect to the full text of this electronic book

MARC

Tag First Indicator Second Indicator Subfields
LEADER 00000cam a22000001a 4500
001 in00003292011
006 m d f
007 cr bn mmmapmmp
008 091021s1990 dcu ob f000 0 eng d
005 20260504163444.3
035 |a cis2007457406 
040 |a UMI  |c UMI  |d UtOrBLW 
043 |a n-us--- 
074 |a 1035-C, 1035-D (MF) 
086 0 |a Y 4.B 22/3:S.hrg.101-481 
099 |a HRG-1989-BHU-0030 
110 1 |a United States.  |b Congress.  |b Senate.  |b Committee on Banking, Housing, and Urban Affairs.  |b Subcommittee on International Finance and Monetary Policy. 
245 1 0 |a Chemical and biological weapons proliferation :  |b hearing before the Subcommittee on International Finance and Monetary Policy of the Committee on Banking, Housing, and Urban Affairs, United States Senate, One Hundred First Congress, first session ... June 22, 1989. 
264 1 |a Washington :  |b U.S. G.P.O.,  |c 1990. 
300 |a 1 online resource. 
336 |a text  |b txt  |2 rdacontent 
337 |a computer  |b c  |2 rdamedia 
338 |a online resource  |b cr  |2 rdacarrier 
490 1 |a S. hrg. ;  |v 101-481 
500 |a Record is based on bibliographic data in ProQuest Congressional Hearings Digital Collection. Reuse except for individual research requires license from ProQuest, LLC. 
504 |a Includes bibliographical references. 
538 |a System requirements: PDF reader software. 
500 |a Electronic resource. 
650 0 |a Arms control  |x International cooperation. 
650 0 |a Chemical weapons. 
650 0 |a Biological weapons. 
655 7 |a Electronic books.  |2 local 
710 2 |a ProQuest (Firm) 
776 0 8 |i Print version:  |a United States. Congress. Senate. Committee on Banking, Housing, and Urban Affairs. Subcommittee on International Finance and Monetary Policy.  |t Chemical and biological weapons proliferation  |w (OCoLC)21277936  |w gp 90010427 
776 0 8 |i Microfiche version:  |a United States. Congress. Senate. Committee on Banking, Housing, and Urban Affairs. Subcommittee on International Finance and Monetary Policy.  |t Chemical and biological weapons proliferation.  |d [Bethesda, Md.] : ProQuest,[2004]  |o CIS 90 S241-17  |w (ProQuest)cis09001918 
810 1 |a United States.  |b Congress.  |b Senate.  |t S. hrg. ;  |v 101-481. 
830 0 |a U.S. Congressional Hearings. 
856 4 0 |u http://proxy.library.tamu.edu/login?url=https://congressional.proquest.com/congcomp/getdoc?HEARING-ID=HRG-1989-BHU-0030  |z Connect to the full text of this electronic book  |t 0 
998 |a cis09001918 
999 |a MARS 
999 f f |s df6d2e19-8b87-3eb6-97b1-79c883511a60  |i 28617241-297d-3d84-b7e7-921cdc6a4b92  |t 0 
952 f f |a Texas A&M University  |b College Station  |c Electronic Resources  |s www_evans  |d Available Online  |t 0  |e HRG-1989-BHU-0030  |h Other scheme 
998 f f |a HRG-1989-BHU-0030  |t 0  |l Available Online